000 02682cam a22005654i 4500
003 PE-LiUPU
005 20250731170429.0
008 150623s r 000 0 d
020 _a0893030538
035 _a(Sirsi) i9780893030537
040 _aPE-LiUPU
_bspa
_cPE-LiUPU
_erda
049 _aPRUA
082 0 4 _a174.2
_bC95
_221
100 1 _aCurtin, Leah,
_eautor.
245 1 0 _aNursing ethics :
_btheories and pragmatics /
_cLeah Curtin.
264 1 _aBowie, Maryland :
_bBrady Communications,
_c1982.
300 _a363 páginas ;
_c23 centímetros
336 _atext
_2rdacontent
337 _aunmediated
_2rdamedia
338 _avolume
_2rdacarrier
505 0 _aWhat are human rights?. The commitment of rights: responsibility. Is health care a right?. Human problems: Human beings. Conscience: right and wrong. No rush to judgment. Nursing's contract with society. The nurse-patient relationship: foundations, purposes, responsibilities, and rights. The commitment of nursing. The nurse-family relationship. The nurse-nurse relationship. The nurse-physician relationship. The nurse-institution relationship. Introduction to case studies. Conflicting obligations. Extending the scope of care. Insubordination-patient load. Consent, conflict, and "euthanasia". Abortion, privacy, and conscience. Nurse-physician conflict-telephone orders. Refusal of treatment for minors. Structures, attitudes; regulations, and the rights of the elderly. Nursing education-the unethical conduct of the role models. Cardiopulmonary resuscitation and the nurse. Hyperalimentation-the distribution of a scarce resource. Confidentiality of patients' records. A patient's right to know-a nurse's right to tell. Nurse-patient conflict-consent for nursing intervention.
526 _aSEG68
526 _aSEG70
526 _aSEG69
526 _aSEG67
526 _aSEG43
526 _aP144
526 _aP143
526 _aP131
526 _aP122
526 _aP120
526 _aP117
526 _aP112
526 _aP110
526 _aP106
526 _aP101
526 _aP80
526 _aP59
526 _aP54
526 _aP35
526 _aP33
526 _aP30
650 0 4 _aEnfermeras
_xÉtica.
942 _2ddc
_cBOOK
949 _a174.2 C95
_wDEWEY
_c1
_i51137
_lCCODEBUL1
_mBUL
_p15.00
_r0
_sY
_tBOOK
_u2015-6-24
_xTEOLOGIA
_PP35
_0COMPRA
_o.STAFF. Colección General
994 _aC0
_bPEPRU
596 _a1
999 _a174.2 C95
_wDEWEY
_c32835
_i51137
_d32835
_f2021-11-4
_g5
_lCCODEBUL1
_mBUL
_p15.00
_q1
_r0
_sY
_tBOOK
_u2015-6-24
_xBIBLIOTECA
_PP35
_0COMPRA
_o.STAFF. Colección General
980 _81
_gALBERTO SANCHEZ Responsable de Automatización